| 000 | 00520cam a2200157 4500500 | ||
|---|---|---|---|
| 005 | 20260315011203.0 | ||
| 041 | _afre | ||
| 042 | _adc | ||
| 100 | 1 | 0 |
_aDémas, Juliette _eauthor |
| 700 | 1 | 0 |
_aFerenc, Tori _eauthor |
| 245 | 0 | 0 | _aHope not Hate. Les leçons de l’antifascisme britannique |
| 260 | _c2026. | ||
| 500 | _a49 | ||
| 786 | 0 | _nSocialter | Hors-série | HS20 | 2026-02-13 | p. 110-117 | 2270-6410 | |
| 856 | 4 | 1 | _uhttps://shs.cairn.info/magazine-socialter-2026-hs20-page-110?lang=fr&redirect-ssocas=7080 |
| 999 |
_c1701586 _d1701586 |
||